| 000 | 00714nam a2200193Ia 4500 | ||
|---|---|---|---|
| 008 | 151121s9999||||xx |||||||||||||| ||und|| | ||
| 082 | _a818/हेगडे | ||
| 082 | _bHNW-115893 | ||
| 100 | _aहेगडे लीलाधर | ||
| 245 | _aअंधारातून प्रकाशाकडे | ||
| 260 | _b"ज्योत्स्ना प्रकाशन, हैद्राबाद" | ||
| 260 | _c2014 | ||
| 300 | _a60 | ||
| 600 | _aहेगडे लीलाधर | ||
| 630 | _aअंधारातून प्रकाशाकडे | ||
| 700 | _aहेगडे लीलाधर | ||
| 730 | _aअंधारातून प्रकाशाकडे | ||
| 942 | _cBOOK | ||
| 999 |
_c1264587 _d1264584 |
||